006410000a22001930004500003001100000008004100011040003900052041000800091100001800099100002000117100002300137245010100160260005800261300001000319650001700329942000700346952007900353999001500432LK-CoMWRAF230817t ||||| |||| 00| 0 eng d aLK-CoMWRAFdLK-CoMWRAFeLK-CoMWRAF aeng aLafir, A.L.M. aMarikar, A.I.L. aMarkar, A.H. Macan aSri Lanka Yonakawarunge Atheetha Piyasatahanb(Glimpses from the past of the Moors of Sri Lanka) bMoors Islamic Cultural HomeaColombo 01 (Sri Lanka)c ap.256 aSinhala Text cBK 00104070aMAINbMAINd2023-08-17l0pRAF4328r2023-08-17w2023-08-17yBK c2331d2331